000 00900nam a2200229 i 4500
001 164697
003 ES-MaACL
005 20230906213001.0
008 050802m18801900sp a | |||||||| ||spa d
040 _aCAM
_bspa
_cCAM
100 1 _aSandeau, Jules.
_9103070
245 1 3 _aLa roca de las gaviotas /
_cJulio Sandeau ; versión española.
260 _aMadrid :
_bAgustín Jubera editor,
_c[s.a.] (
_fImprenta de Enrique Rubiños)
300 _a2 v. :
_bil. ;
_c29 cm.
490 1 _aBiblioteca universal ilustrada ;
_v7
596 _aProbablemente impresa en las últimas décadas del siglo XIX.
598 _aLa mención de serie tomada de la cub. original.
830 0 _aBiblioteca universal ilustrada ;
_v7
_9188782
852 _aES-MaACL
_j1594-F-11
_z-- Rust. falto de la cub. posterior
_q-- Contiene unicamente cuaderno primero (66 p.)
999 _c164697
_d164697